Pokémon - Noms A-Z (1) - Statistiques

Statistiques générales
  • Ce quiz a été pris 33 fois
  • Le résultat moyen est 20 sur 26
Statistiques - réponses
Par images Réponse % Correct
Abo
100%
Salamèche
97%
Tarsal
97%
Jirachi
94%
Cadoizo
90%
Ortide
87%
Xatu
87%
Élekable
84%
Reshiram
81%
Wattouat
81%
Ymphect
81%
Flabébé
77%
Pandespiègle
77%
Blindalys
74%
Drakkarmin
74%
Hachécateur
74%
Iguolta
74%
Lucanon
74%
Zéblitz
74%
Koraidon
71%
Ursaking
68%
Muciole
65%
Nigosier
61%
Quartermac
61%
Goupilou
52%
Vémini
52%
Aucun quiz correspondant
Distribution des résultats
% des personnes avec chaque résultat
Percentile par nombre de réponses
Votre historique - résultats
Vous n’avez pas pris ce quiz